Head of state immunity and the pursutt of justice: The ICC Paradigm in international legal landscapes (Record no. 529093)

000 -LEADER
fixed length control field 00925nam a22001337a 4500
008 - FIXED-LENGTH DATA ELEMENTS--GENERAL INFORMATION
fixed length control field 250220b ||||| |||| 00| 0 eng d
100 ## - MAIN ENTRY--PERSONAL NAME
Personal name Benjamin, Suresh M. and Hashimy, Sayed Qudrat
245 ## - TITLE STATEMENT
Title Head of state immunity and the pursutt of justice: The ICC Paradigm in international legal landscapes
260 ## - PUBLICATION, DISTRIBUTION, ETC. (IMPRINT)
Place of publication, distribution, etc World Affairs: The Journal of International Issues
300 ## - PHYSICAL DESCRIPTION
Extent 28(4), Oct-Dec, 2024: p.26-51
520 ## - SUMMARY, ETC.
Summary, etc This paper delivers into the intricate realm of head of state immunity in international laws, a principle designed to shield sitting heads of state from procreation or legal activate sin foreign jurisdiction. Rooted in the concepts of sovereign equality among sates, this immunity is intended to enable heads of state to executive their duties without the encumbrance of legal proceedings. – Reproduced
773 ## - HOST ITEM ENTRY
Main entry heading World Affairs: The Journal of International Issues
942 ## - ADDED ENTRY ELEMENTS (KOHA)
Item type Articles
Holdings
Withdrawn status Lost status Source of classification or shelving scheme Damaged status Not for loan Permanent location Current location Date acquired Serial Enumeration / chronology Barcode Date last seen Koha item type
          Indian Institute of Public Administration Indian Institute of Public Administration 2025-02-20 28(4), Oct-Dec, 2024: p.26-51 AR135246 2025-02-20 Articles

Powered by Koha